00636nam a2200193Ia 4500001000700000003000500007008004100012010001100053040000900064100003900073245010600112260008700218300001000305440002000315500000500335503000800340650005900348650003500407Z_4979CHAP220113s1994 xx 000 0 und d a168034 cCHAP aMendoza Martínez, Germán David aProcesos de producción de leche /cpor Germán David Mendoza Martínez y Raúl Ricalde Velasco aMéxico, D. F. :bUniversidad Autónoma Metropolitana. Unidad Xochimilco,c1994 a87 p. aLibros de texto a aC/E aGanado lecheroxNutrición I. Ricalde Velasco, Raúl aGanado lecheroxProducción